Reichste Länder - Welt - Statistiken

Allgemein
  • Dieses Quiz wurde 233 mal gespielt
    206 seit der letzten Aktualisierung
  • Das Durchschnittsergebnis liegt bei 12 aus 15
Antwortstatistiken
Hint Antwort % Korrekt
27,72 Bio. USA
99%
34,54 Bio. China
98%
5,88 Bio. Deutschland
96%
6,51 Bio. Russland
92%
4,21 Bio. Frankreich
91%
6,4 Bio. Japan
89%
2,53 Bio. Spanien
89%
14,62 Bio. Indien
87%
3,49 Bio. Italien
83%
4,46 Bio. Brasilien
77%
3,11 Bio. Südkorea
67%
3,18 Bio. Mexiko
63%
4,14 Bio. Vereinigtes Königreich
59%
4,34 Bio. Indonesien
58%
3,28 Bio. Türkei
49%
Keine übereinstimmenden Quizze gefunden
Verteilung der Resultate
Anzahl Personen mit jedem Resultat
Perzentil nach korrekt beantworteten Fragen
Ihre Resultats-Entwicklung
Sie haben dieses Quiz seit der letzten Aktualisierung nicht gespielt